Ergebnisse deutscher Wisenschaft, Eine bibliographische Auswald ausder decetscher wissenschatlichen Literatur der Jahre 1933-1938 herausgegeben / (Record no. 85568)
[ view plain ]
| 000 -LEADER | |
|---|---|
| campo de control de longitud fija | 00584nam a2200157 i 4500 |
| 001 - NÚMERO DE CONTROL | |
| campo de control | 85568 |
| 003 - IDENTIFICADOR DE NÚMERO DE CONTROL | |
| campo de control | ES-MaACL |
| 005 - FECHA Y HORA DE LA ÚLTIMA TRANSACCIÓN | |
| campo de control | 20230906175250.0 |
| 007 - CAMPO FIJO DE DESCRIPCIÓN FÍSICA--INFORMACIÓN GENERAL | |
| campo de control de longitud fija | t| |
| 008 - DATOS DE LONGITUD FIJA--INFORMACIÓN GENERAL | |
| campo de control de longitud fija | 041129s1939 gw ||||1| ger d |
| 100 1# - ENTRADA PRINCIPAL--NOMBRE DE PERSONA | |
| Nombre de persona | Juergens, Adolf. |
| 9 (RLIN) | 67195 |
| 245 10 - MENCIÓN DEL TÍTULO | |
| Título | Ergebnisse deutscher Wisenschaft, Eine bibliographische Auswald ausder decetscher wissenschatlichen Literatur der Jahre 1933-1938 herausgegeben / |
| Mención de responsabilidad, etc. | von Adolf Juergens. |
| 260 ## - PUBLICACIÓN, DISTRIBUCIÓN, ETC. | |
| Lugar de publicación, distribución, etc. | [Essen] : |
| Nombre del editor, distribuidor, etc. | Essener Verlagsanstalt, |
| Fecha de publicación, distribución, etc. | 1939 ( |
| Lugar de fabricación/manufactura | Berlin : |
| Fabricante | Druk Heibold) |
| 300 ## - DESCRIPCIÓN FÍSICA | |
| Extensión | XVI, 782 p. ; |
| Dimensiones | 24 cm. |
| 852 ## - LOCALIZACIÓN | |
| Ubicación | ES-MaACL |
| Número de control de estantería | F-15950 |
| Sublocalización o colección | R.20497 |
| Estatus retirado | Estado de pérdida | Estado de daño | No para préstamo | Biblioteca de origen | Biblioteca actual | Ubicación en estantería | Fecha de adquisición | Fuente de adquisición | Total de préstamos | Signatura topográfica completa | Código de barras | Visto por última vez | Precio de reemplazo | Tipo de ítem Koha |
|---|---|---|---|---|---|---|---|---|---|---|---|---|---|---|
| Biblioteca del Ateneo de Madrid | Biblioteca del Ateneo de Madrid | Sala Pecera Planta 2 | 17/01/2008 | F-15950 | 1089413 | 23/02/2023 | 23/02/2023 | Libro impreso |
